Click and learn computer - VIII (Record no. 6758)

MARC details
000 -LEADER
fixed length control field 00257nam a22000977a 4500
008 - FIXED-LENGTH DATA ELEMENTS--GENERAL INFORMATION
fixed length control field 170614b xxu||||| |||| 00| 0 eng d
020 ## - INTERNATIONAL STANDARD BOOK NUMBER
International Standard Book Number 9788190717267
100 ## - MAIN ENTRY--PERSONAL NAME
9 (RLIN) 3397
Personal name Nissar. K
245 ## - TITLE STATEMENT
Title Click and learn computer - VIII
260 ## - PUBLICATION, DISTRIBUTION, ETC. (IMPRINT)
Place of publication, distribution, etc. New Delhi
Name of publisher, distributor, etc. Pinnace
Date of publication, distribution, etc. 2009
Holdings
Withdrawn status Lost status Source of classification or shelving scheme Damaged status Koha normalized classification for sorting Not for loan Home library Current library Shelving location Date acquired Total Checkouts Full call number Barcode Date last seen Price effective from Koha item type
    Dewey Decimal Classification   NIS_004_000000000000000_D9   Good Samaritan School Library Good Samaritan School Library Computer Science 06/14/2017   NIS004 D-9 NIS8048 06/14/2017 06/14/2017 BOOK

Powered by Koha